Nguyên Hồng tấm lòng qua trang viết
Salvato in:
| Autore principale: | |
|---|---|
| Natura: | Libro |
| Lingua: | Vietnamese |
| Pubblicazione: |
H.
Nxb Văn hóa - Thông tin
2002
|
| Tags: |
Aggiungi Tag
Nessun Tag, puoi essere il primo ad aggiungerne! !
|
| Thư viện lưu trữ: | Mạng thư viện Đại học Đà Nẵng |
|---|
| LEADER | 00734nam a2200277 4500 | ||
|---|---|---|---|
| 001 | 000004177 | ||
| 003 | 308 | ||
| 005 | 20121211001259.0 | ||
| 008 | 110718s2002 viesd | ||
| 020 | |c 57000đ | ||
| 041 | 0 | |a vie | |
| 082 | |a 895.9223 |b NGU - N | ||
| 100 | 0 | |a Nguyễn Ánh Ngân | |
| 245 | 0 | |a Nguyên Hồng tấm lòng qua trang viết |c Nguyễn Ánh Ngân | |
| 260 | |a H. |b Nxb Văn hóa - Thông tin |c 2002 | ||
| 300 | |a 523 |c 20.5cm | ||
| 700 | |a Nguyễn Ánh Ngân | ||
| 910 | |a Ngô văn Đường | ||
| OWN | |a LSP | ||
| 999 | |a From the UDN01 | ||
| TYP | |a Monograph | ||
| TYP | |a Printed language | ||
| 980 | |a Mạng thư viện Đại học Đà Nẵng | ||